[Event "13e open internationnal de Sautron"]
[Site "Sautron"]
[Date "2013.11.02"]
[Round "9.8"]
[White "Duboue, Peio"]
[Black "Terrieux, Kevin"]
[Result "0-1"]
[LiveChessVersion "1.4.2"]
[BlackElo "2415"]
[WhiteElo "2239"]

1. e4 {[%clk 1:30:56]} e5 {[%clk 1:26:59]} 2. Nf3 {[%clk 1:31:13]} Nc6
{[%clk 1:27:19]} 3. Bc4 {[%clk 1:31:14]} Nf6 {[%clk 1:27:40]} 4. d3
{[%clk 1:30:34]} Bc5 {[%clk 1:27:58]} 5. c3 {[%clk 1:29:55]} a6 {[%clk 1:27:39]}
6. b4 {[%clk 1:26:50]} Be7 {[%clk 1:22:10]} 7. O-O {[%clk 1:25:02]} O-O
{[%clk 1:20:43]} 8. Re1 {[%clk 1:23:16]} d6 {[%clk 1:16:06]} 9. Bb2
{[%clk 1:17:50]} g6 {[%clk 1:11:49]} 10. Na3 {[%clk 1:15:26]} Nh5
{[%clk 1:11:00]} 11. Nc2 {[%clk 1:14:30]} Bf6 {[%clk 1:04:45]} 12. d4
{[%clk 0:59:49]} Bd7 {[%clk 0:40:17]} 13. Bb3 {[%clk 0:57:07]} Bg7
{[%clk 0:35:41]} 14. c4 {[%clk 0:46:28]} Bg4 {[%clk 0:34:51]} 15. d5
{[%clk 0:45:46]} Ne7 {[%clk 0:34:24]} 16. Ne3 {[%clk 0:45:39]} Bxf3
{[%clk 0:33:08]} 17. Qxf3 {[%clk 0:46:02]} f5 {[%clk 0:33:12]} 18. Nf1
{[%clk 0:35:04]} fxe4 {[%clk 0:22:45]} 19. Qxe4 {[%clk 0:35:22]} Kh8
{[%clk 0:21:44]} 20. Ng3 {[%clk 0:33:18]} Nf4 {[%clk 0:21:33]} 21. Ne2
{[%clk 0:28:04]} Nxe2+ {[%clk 0:19:19]} 22. Qxe2 {[%clk 0:28:16]} Nf5
{[%clk 0:18:36]} 23. Bc2 {[%clk 0:26:47]} Rf7 {[%clk 0:18:13]} 24. Rad1
{[%clk 0:25:39]} Qg5 {[%clk 0:16:45]} 25. Be4 {[%clk 0:24:59]} Raf8
{[%clk 0:16:57]} 26. f3 {[%clk 0:23:57]} Qd8 {[%clk 0:16:19]} 27. Qf2
{[%clk 0:21:19]} Bh6 {[%clk 0:11:59]} 28. Bxf5 {[%clk 0:19:59]} Rxf5
{[%clk 0:11:39]} 29. Bc1 {[%clk 0:18:29]} Bxc1 {[%clk 0:10:21]} 30. Rxc1
{[%clk 0:18:52]} Rf4 {[%clk 0:10:37]} 31. Qd2 {[%clk 0:16:41]} Rd4
{[%clk 0:10:31]} 32. Qe2 {[%clk 0:14:51]} Rff4 {[%clk 0:03:22]} 33. Red1
{[%clk 0:14:50]} Qf6 {[%clk 0:03:08]} 34. Rxd4 {[%clk 0:11:09]} Rxd4
{[%clk 0:03:36]} 35. Qe3 {[%clk 0:08:42]} Kg7 {[%clk 0:03:23]} 36. h3
{[%clk 0:07:14]} Qf4 {[%clk 0:02:57]} 37. Qxf4 {[%clk 0:07:18]} exf4
{[%clk 0:03:26]} 38. Rc2 {[%clk 0:05:13]} Kf6 {[%clk 0:02:21]} 39. Kf2
{[%clk 0:05:37]} Rd1 {[%clk 0:02:46]} 40. g3 {[%clk 0:30:40]} fxg3+
{[%clk 0:32:47]} 41. Kxg3 {[%clk 0:31:03]} Rb1 {[%clk 0:32:53]} 42. b5
{[%clk 0:24:46]} a5 {[%clk 0:27:07]} 43. c5 {[%clk 0:21:55]} Rxb5
{[%clk 0:26:21]} 44. cxd6 {[%clk 0:22:16]} cxd6 {[%clk 0:26:41]} 45. Rc7
{[%clk 0:22:41]} h5 {[%clk 0:19:41]} 46. Rd7 {[%clk 0:22:34]} Rxd5
{[%clk 0:11:57]} 47. Rxb7 {[%clk 0:23:01]} Rd2 {[%clk 0:11:03]} 48. Rd7
{[%clk 0:22:41]} a4 {[%clk 0:11:19]} 49. a3 {[%clk 0:21:40]} g5 {[%clk 0:09:06]}
50. Ra7 {[%clk 0:17:03]} h4+ {[%clk 0:08:50]} 51. Kg4 {[%clk 0:17:30]} Kg6
{[%clk 0:09:13]} 0-1

[Event "13e open internationnal de Sautron"]
[Site "Sautron"]
[Date "2013.11.02"]
[Round "9.9"]
[White "Goupil, Arnaud"]
[Black "Nguyen, Chi-Minh"]
[Result "0-1"]
[LiveChessVersion "1.4.2"]
[BlackElo "2389"]
[WhiteElo "2134"]

1. c4 {[%clk 1:27:53]} b6 {[%clk 1:30:24]} 2. Nc3 {[%clk 1:27:23]} Bb7
{[%clk 1:30:36]} 3. d4 {[%clk 1:24:38]} e6 {[%clk 1:30:42]} 4. Nf3
{[%clk 1:22:45]} Bb4 {[%clk 1:26:04]} 5. Bd2 {[%clk 1:20:13]} Nf6
{[%clk 1:21:35]} 6. g3 {[%clk 1:15:58]} O-O {[%clk 1:09:04]} 7. Bg2
{[%clk 1:15:24]} d5 {[%clk 1:05:39]} 8. cxd5 {[%clk 1:09:56]} exd5
{[%clk 1:05:08]} 9. O-O {[%clk 1:09:16]} Nbd7 {[%clk 1:04:12]} 10. a3
{[%clk 1:06:28]} Bd6 {[%clk 1:03:42]} 11. Bf4 {[%clk 0:58:12]} Bxf4
{[%clk 0:59:06]} 12. gxf4 {[%clk 0:57:49]} Ne4 {[%clk 0:59:15]} 13. Ne5
{[%clk 0:52:35]} Nxe5 {[%clk 0:44:42]} 14. fxe5 {[%clk 0:51:38]} Qh4
{[%clk 0:42:24]} 15. f4 {[%clk 0:36:41]} f5 {[%clk 0:39:42]} 16. Qe1
{[%clk 0:29:45]} Qe7 {[%clk 0:38:35]} 17. Kh1 {[%clk 0:29:00]} Kh8
{[%clk 0:38:02]} 18. Rg1 {[%clk 0:27:58]} c5 {[%clk 0:33:25]} 19. e3
{[%clk 0:26:51]} cxd4 {[%clk 0:26:08]} 20. exd4 {[%clk 0:26:08]} Rac8
{[%clk 0:26:29]} 21. Rc1 {[%clk 0:23:18]} Rc4 {[%clk 0:18:59]} 22. Qe3
{[%clk 0:21:06]} g5 {[%clk 0:12:58]} 23. Nb5 {[%clk 0:13:17]} a6 {[%clk 0:09:54]}
24. Rxc4 {[%clk 0:09:30]} dxc4 {[%clk 0:08:16]} 25. Nc3 {[%clk 0:09:34]} gxf4
{[%clk 0:04:48]} 26. Qxf4 {[%clk 0:09:31]} Qd8 {[%clk 0:01:20]} 27. Rd1
{[%clk 0:06:49]} Nxc3 {[%clk 0:00:59]} 28. bxc3 {[%clk 0:06:38]} Bxg2+
{[%clk 0:01:22]} 29. Kxg2 {[%clk 0:07:02]} Rg8+ {[%clk 0:01:46]} 30. Kf2
{[%clk 0:06:25]} Rg4 {[%clk 0:01:50]} 31. Qh6 {[%clk 0:05:50]} Rg6
{[%clk 0:01:47]} 32. Qh5 {[%clk 0:04:47]} Rg5 {[%clk 0:01:45]} 33. Qf7
{[%clk 0:03:58]} Rg6 {[%clk 0:01:42]} 34. Kf3 {[%clk 0:01:25]} Rg7
{[%clk 0:01:53]} 35. Qe6 {[%clk 0:00:52]} Qg5 {[%clk 0:02:00]} 36. Re1
{[%clk 0:00:00]} Qg2+ 37. Ke3 0-1

[Event "13e open internationnal de Sautron"]
[Site "Sautron"]
[Date "2013.11.02"]
[Round "9.10"]
[White "Sarrazin, Christian"]
[Black "Drasko, Milan"]
[Result "0-1"]
[LiveChessVersion "1.4.2"]
[BlackElo "2451"]
[WhiteElo "1983"]

1. e4 {[%clk 1:28:17]} e6 {[%clk 1:30:45]} 2. d4 {[%clk 1:28:33]} d5
{[%clk 1:31:02]} 3. Bd3 {[%clk 1:28:23]} dxe4 {[%clk 1:29:54]} 4. Bxe4
{[%clk 1:28:38]} Nf6 {[%clk 1:29:40]} 5. Bf3 {[%clk 1:28:02]} Nbd7
{[%clk 1:24:02]} 6. Ne2 {[%clk 1:24:25]} e5 {[%clk 1:14:56]} 7. g3
{[%clk 1:18:54]} exd4 {[%clk 1:09:23]} 8. Nxd4 {[%clk 1:17:39]} Ne5
{[%clk 1:05:51]} 9. Bg2 {[%clk 1:12:16]} Bc5 {[%clk 0:56:11]} 10. c3
{[%clk 1:08:25]} O-O {[%clk 0:52:57]} 11. h3 {[%clk 1:00:05]} c6 {[%clk 0:50:44]}
12. O-O {[%clk 0:58:32]} Re8 {[%clk 0:50:22]} 13. a4 {[%clk 0:50:12]} a5
{[%clk 0:42:58]} 14. Na3 {[%clk 0:45:13]} Nd5 {[%clk 0:40:10]} 15. Nac2
{[%clk 0:43:51]} Bd7 {[%clk 0:34:54]} 16. Kh2 {[%clk 0:39:04]} Qf6
{[%clk 0:33:42]} 17. Ne3 {[%clk 0:32:08]} Nxe3 {[%clk 0:24:09]} 18. Bxe3
{[%clk 0:25:09]} Nc4 {[%clk 0:22:43]} 19. Bc1 {[%clk 0:25:19]} Bxd4
{[%clk 0:20:37]} 20. cxd4 {[%clk 0:25:29]} Be6 {[%clk 0:21:01]} 21. b3
{[%clk 0:25:47]} Nb6 {[%clk 0:21:13]} 22. Bb2 {[%clk 0:19:58]} Bd5
{[%clk 0:21:16]} 23. Qc2 {[%clk 0:19:34]} Bxg2 {[%clk 0:20:06]} 24. Kxg2
{[%clk 0:19:53]} Nd5 {[%clk 0:20:19]} 25. Rfe1 {[%clk 0:19:22]} Qg6
{[%clk 0:18:18]} 26. Qd2 {[%clk 0:18:59]} b6 {[%clk 0:18:09]} 27. Re5
{[%clk 0:16:25]} f6 {[%clk 0:18:27]} 28. Rxe8+ {[%clk 0:16:49]} Rxe8
{[%clk 0:18:48]} 29. Re1 {[%clk 0:17:11]} Re4 {[%clk 0:17:54]} 30. Qd1
{[%clk 0:13:29]} Qe8 {[%clk 0:15:21]} 31. Rxe4 {[%clk 0:12:21]} Qxe4+
{[%clk 0:15:39]} 32. Qf3 {[%clk 0:12:42]} Qc2 {[%clk 0:11:04]} 33. Ba3
{[%clk 0:12:36]} g6 {[%clk 0:10:08]} 34. Kg1 {[%clk 0:11:02]} h5 {[%clk 0:07:50]}
35. g4 {[%clk 0:09:51]} h4 {[%clk 0:07:52]} 36. Bd6 {[%clk 0:08:27]} Kf7
{[%clk 0:08:07]} 37. Kf1 {[%clk 0:08:47]} Ke6 {[%clk 0:06:48]} 38. Bb8
{[%clk 0:08:24]} Kd7 {[%clk 0:04:10]} 39. Kg1 {[%clk 0:04:52]} Ke7
{[%clk 0:02:20]} 40. Kf1 {[%clk 0:35:13]} Kf7 {[%clk 0:32:29]} 41. Bd6
{[%clk 0:33:52]} Qd2 {[%clk 0:27:57]} 42. Qe4 {[%clk 0:28:48]} Qd1+
{[%clk 0:27:10]} 43. Kg2 {[%clk 0:29:03]} Qxb3 {[%clk 0:27:18]} 44. g5
{[%clk 0:29:25]} fxg5 {[%clk 0:23:24]} 45. Qg4 {[%clk 0:27:27]} Nf6
{[%clk 0:22:58]} 46. Qxg5 {[%clk 0:26:50]} Qd5+ {[%clk 0:23:13]} 47. Qxd5+
{[%clk 0:27:09]} Nxd5 {[%clk 0:23:38]} 0-1

[Event "13e open internationnal de Sautron"]
[Site "Sautron"]
[Date "2013.11.02"]
[Round "9.11"]
[White "Haub, Thorsten Michael"]
[Black "Caderon, Michel"]
[Result "1-0"]
[LiveChessVersion "1.4.2"]
[BlackElo "2010"]
[WhiteElo "2455"]

1. g3 {[%clk 1:30:58]} g6 {[%clk 1:30:57]} 2. Bg2 {[%clk 1:31:23]} Bg7
{[%clk 1:31:27]} 3. d3 {[%clk 1:31:46]} Nf6 {[%clk 1:31:45]} 4. e4
{[%clk 1:32:06]} d6 {[%clk 1:32:10]} 5. Nf3 {[%clk 1:32:28]} O-O {[%clk 1:31:55]}
6. O-O {[%clk 1:32:51]} e5 {[%clk 1:32:02]} 7. Nbd2 {[%clk 1:33:14]} c5
{[%clk 1:29:09]} 8. a4 {[%clk 1:29:16]} Bh6 {[%clk 1:27:25]} 9. c3
{[%clk 1:27:04]} Nc6 {[%clk 1:26:23]} 10. Nc4 {[%clk 1:19:39]} Bxc1
{[%clk 1:26:37]} 11. Qxc1 {[%clk 1:20:03]} Kg7 {[%clk 1:27:00]} 12. Ne3
{[%clk 1:17:09]} b6 {[%clk 1:26:30]} 13. Nd2 {[%clk 1:14:19]} Ng4
{[%clk 1:23:29]} 14. Ndc4 {[%clk 1:13:17]} Nxe3 {[%clk 1:16:34]} 15. Nxe3
{[%clk 1:13:11]} Na5 {[%clk 1:12:48]} 16. Ra3 {[%clk 1:12:07]} Be6
{[%clk 1:12:38]} 17. f4 {[%clk 1:11:24]} f6 {[%clk 1:09:28]} 18. f5
{[%clk 1:09:24]} Bg8 {[%clk 1:08:43]} 19. h4 {[%clk 1:09:08]} Rc8
{[%clk 0:55:38]} 20. fxg6 {[%clk 1:08:30]} hxg6 {[%clk 0:55:04]} 21. Ng4
{[%clk 1:07:53]} g5 {[%clk 0:49:00]} 22. Ne3 {[%clk 1:01:02]} Be6
{[%clk 0:49:12]} 23. Nf5+ {[%clk 0:57:57]} Kg6 {[%clk 0:48:18]} 24. Qe3
{[%clk 0:56:09]} Nc6 {[%clk 0:46:55]} 25. Rf2 {[%clk 0:54:12]} Ne7
{[%clk 0:42:28]} 26. Ra1 {[%clk 0:53:57]} Ng8 {[%clk 0:38:23]} 27. Raf1
{[%clk 0:53:31]} Bxf5 {[%clk 0:32:10]} 28. exf5+ {[%clk 0:53:37]} Kh6
{[%clk 0:32:13]} 29. Bd5 {[%clk 0:53:25]} Kg7 {[%clk 0:22:33]} 30. hxg5
{[%clk 0:53:34]} fxg5 {[%clk 0:22:11]} 31. f6+ {[%clk 0:53:45]} Rxf6
{[%clk 0:21:05]} 32. Qxg5+ {[%clk 0:54:07]} Rg6 {[%clk 0:21:25]} 33. Rf7+
{[%clk 0:54:30]} Kh8 {[%clk 0:21:42]} 34. Qxg6 {[%clk 0:54:51]} 1-0